Statystyki dla Dopasuj miasto do państwa-Europa

Kliknij tutaj aby rozwiązać quiz!

Ogólne statystyki

  • Ten quiz został rozwiązany 1 805 razy
  • Średni wynik to 10 z 16

Statystyki odpowiedzi

MiastoKraj% Poprawnych
HamburgNiemcy
99%
ŁomżaPolska
96%
EindhovenHolandia
73%
PilznoCzechy
70%
GrazAustria
67%
GironaHiszpania
67%
OdessaUkraina
67%
CorkIrlandia
66%
KownoLitwa
66%
NancyFrancja
63%
LivornoWłochy
60%
AalborgDania
56%
MariborSłowenia
47%
CoimbraPortugalia
38%
TuzlaBośnia i Hercegowina
19%
BitolaMacedonia
18%

Rozkład punktacji

Percentyl według liczby udzielonych odpowiedzi

Procent ludzi z każdym wynikiem

Twoja historia wyników

Nie rozwiązałeś tego quizu